Logo BPK

Biblioteka

Politechniki Koszalińskiej

Jadernaja chimija i radiochimija / (Rekord nr 12773)

Szczegóły MARC
000 -ETYKIETA REKORDU
podpole kontrolne o stałej długości 00527nam a2200181 i 4500
001 - NUMER KONTROLNY REKORDU
pole kontrolne bg
040 ## - ŹRÓDŁO KATALOGOWANIA
Instytucja, która utworzyła rekord BPK
041 ## - KOD JĘZYKA
Kod języka tekstu pol
080 ## - UNIWERSALNA KLASYFIKACJA DZIESIĘTNA - UKD
UKD 539.1:541.28:621.039
008 - POLE O STAŁEJ DŁUGOŚCI - DANE KONTROLNE
podpole kontrolne o stałej długości s pl f |000 0 pol
100 1# - NAZWA OSOBOWA
Nazwa osobowa FRIDLENDER, G.
245 #0 - TYTUŁ/ODPOWIEDZIALNOŚĆ
Tytuł Jadernaja chimija i radiochimija /
Pozostałe elementy strefy tytułu i oznaczenia odpowiedzialności G. Fridlender, Dż. Kennedi, Dż. Miller ; Per. s ang E. N. Avdoninoj [i in.].
260 ## - STREFA ADRESU WYDAWNICZEGO
Miejsce wydania Moskva :
Nazwa wydawcy/dystrybutora Izdatel'stvo "Mir",
Data publikacji, dystrybucji/powstania dokumentu 1967.
300 ## - STREFA OPISU FIZYCZNEGO
Objętość s. 567 :
Inne cechy fizyczne ilustr.
700 1# - HASŁO DODATKOWE - NAZWA OSOBOWA
Nazwa osobowa KENNEDI, Dż.
700 1# - HASŁO DODATKOWE - NAZWA OSOBOWA
Nazwa osobowa MILLER, Dż.
942 ## - DODATKOWE ELEMENTY (KOHA)
Typ dokumentu Książka
Egzemplarze
Wycofany Status egzemplarza Uszkodzony Dostępność Lokalizacja stała Lokalizacja bieżąca Miejsce przechowywania Sygnatura Kod kreskowy Typ dokumentu
      Dostępny Biblioteka Politechniki Koszalińskiej Biblioteka Politechniki Koszalińskiej Wypożyczalnia BG 7693 01788730 Książka
© 2023 Biblioteka Politechniki Koszalińskiej :: KOHA